Statystyki dla Bolesław Chrobry

Kliknij tutaj aby rozwiązać quiz!

Ogólne statystyki

  • Ten quiz został rozwiązany 27 razy
  • Średni wynik to 6 z 7

Statystyki odpowiedzi

HintOdpowiedź% Poprawnych
Zjazd Gnieźnieński1000
100%
Koronacja, oraz śmierć Bolesława Chrobrego1025
100%
Zakończenie wojen Polsko - Niemieckich,
podpisaniem pokoju w Budziszynie,
oraz wyprawa kijowska
1018
92%
Rozpoczęcie się wojen Polsko - Niemieckich1004
88%
Narodziny Bolesława Chrobrego967
88%
Objęcie władzy przez Bolesława Chrobrego992
88%
Misja biskupa Wojciecha do Prus997
88%

Rozkład punktacji

Percentyl według liczby udzielonych odpowiedzi

Procent ludzi z każdym wynikiem

Twoja historia wyników

Nie rozwiązałeś tego quizu